| 000 | 00422nam a22001457a 4500 | ||
|---|---|---|---|
| 003 | SGT | ||
| 082 | _a347.90954,KWA | ||
| 100 | _aKWATRA,G.K | ||
| 245 | _aARBITRATION ALTERNATIVE DISPUTE RESOLUTION HOW TO SETTLE INTERNATIONAL BUSINESS DISPUTES WITH SUPPLEMENT ON INDIAN ARBITRATION LAW | ||
| 250 | _a1ST | ||
| 260 |
_aNEW DELHI _bUNIVERSAL BOOKS _c2008 |
||
| 300 | _a420 | ||
| 650 | _aDISPUTE RESOLUTION | ||
| 942 |
_2ddc _cBK |
||
| 999 |
_c9709 _d9709 |
||